00465nam a2200193 a 4500001001300000003000900013005001700022008004100039020001000080082001600090100002100106245001900127260002800146300000900174500003500183505001300218650001900231700002100250nice12345678IN_TiNIC20260116011412.0050524s0000 egya grp 000 0 ara  ac10000a892.73bWIL aWilliamson, Ruth aQasasul Saffar aEgyptbNile Pressc0000 a212p aincludes index and biblioraphy2 aArchives aArabic-Fiction1 aWilliamson, Ruth